Dos 5, the basics

Αποθηκεύτηκε σε:
Λεπτομέρειες βιβλιογραφικής εγγραφής
Κύριος συγγραφέας: Christopher, Ken W.
Άλλοι συγγραφείς: Feigenbaum, Barry A., Saliga, Shon O.
Μορφή: Βιβλίο
Γλώσσα:English
Δημοσίευση: New York : Wiley, c1991
Ετικέτες: Προσθήκη ετικέτας
Δεν υπάρχουν, Καταχωρήστε ετικέτα πρώτοι!

MARC

LEADER 00000cam a2200000 i 4500
001 1/33702
008 950731s1991 eng d
020 |a 0471542113 ((paper)) 
035 |l 10023982 
040 |a GR-MY-UA  |b gre  |e aacr 
041 0 |a eng 
082 0 |a 005.4469 
100 1 |a Christopher, Ken W. 
245 1 0 |a Dos 5, the basics /  |c Ken W. Christopher, Barry A. Feigenbaum, Shon O. Saliga 
260 |a New York :   |b Wiley,   |c c1991 
300 |a xx, 484 p.;  |b ill.;  |c 24 cm 
500 |a Includes index 
700 1 |a Feigenbaum, Barry A. 
700 1 |a Saliga, Shon O. 
852 |a INST  |b CHIOS  |e 19950731  |h 005.4469 CHR  |p 005200002459  |q 005200002459  |t BK  |y 620 
909 |a Χ  |b 031233